<?xml version="1.0" encoding="UTF-8"?><?xml-stylesheet type="text/xsl" href="static/style.xsl"?><OAI-PMH xmlns="http://www.openarchives.org/OAI/2.0/" xmlns:xsi="http://www.w3.org/2001/XMLSchema-instance" xsi:schemaLocation="http://www.openarchives.org/OAI/2.0/ http://www.openarchives.org/OAI/2.0/OAI-PMH.xsd"><responseDate>2026-06-07T13:54:22Z</responseDate><request verb="GetRecord" identifier="oai:docta.ucm.es:20.500.14352/55682" metadataPrefix="marc">https://docta.ucm.es/rest/oai/request</request><GetRecord><record><header><identifier>oai:docta.ucm.es:20.500.14352/55682</identifier><datestamp>2023-09-12T21:19:44Z</datestamp><setSpec>com_20.500.14352_14</setSpec><setSpec>col_20.500.14352_22</setSpec></header><metadata><record xmlns="http://www.loc.gov/MARC21/slim" xmlns:dcterms="http://purl.org/dc/terms/" xmlns:xsi="http://www.w3.org/2001/XMLSchema-instance" xmlns:doc="http://www.lyncode.com/xoai" xsi:schemaLocation="http://www.loc.gov/MARC21/slim http://www.loc.gov/standards/marcxml/schema/MARC21slim.xsd">
   <leader>00925njm 22002777a 4500</leader>
   <datafield ind2=" " ind1=" " tag="042">
      <subfield code="a">dc</subfield>
   </datafield>
   <datafield ind2=" " ind1=" " tag="720">
      <subfield code="a">Alonso Chacón, Pablo</subfield>
      <subfield code="e">author</subfield>
   </datafield>
   <datafield ind2=" " ind1=" " tag="260">
      <subfield code="c">2004</subfield>
   </datafield>
   <datafield ind2=" " ind1=" " tag="520">
      <subfield code="a">La inmigración en nuestro país se ha transformado en un fenómeno social inevitable, difícil de controlar e imprevisible porque se desconoce su alcance. El objetivo de esta tesis ha sido, primero analizar los aspectos epidemiológicos que rodean a los recién nacidos hijos de inmigrantes (europeos, africanos, americanos y orientales) y segundo, comparar su antropometría al nacimiento con la de los hijos de españoles y ver si pueden emplearse las mismas curvas de crecimiento para todos. La población estudiada ha sido 6749 recién nacidos en el hospital Clínico de San Carlos, de junio de 2000 a junio de 2003. Las variables analizadas han sido: nacionalidad, edad, peso, talla, profesión, conocimiento del idioma español, tiempo de permanencia en España, tipo de vivienda que ocupan, hábitos tóxicos y afiliación a la Seguridad Social de ambos padres. Controles en el embarazo, ganancia de peso en el embarazo, tipo de parto, edad gestacional, vitalidad del recién nacido, peso, talla y perímetro craneal del mismo y realización de cribaje metabólico y auditivo. Para el análisis estadístico se ha empleado el test de X2 para las variables cualitativas y para las cuantitativas la "t" de Student y el test de Welch. Para varios grupos el test de Levene y Anova y como contraste el de Dunnett. El tratamiento estadístico se ha realizado con Excel, SPSS y Statgraphics. Se demuestran claras diferencias epidemiológicas entre las distintas nacionalidades y no tan claras entre la antropometría de los recién nacidos. De la tesis se sacan conclusiones que nos enseñan a tratar mejor a este colectivo de ciudadanos de otros países que llegan sin cesar al nuestro.</subfield>
   </datafield>
   <datafield ind1="8" ind2=" " tag="024">
      <subfield code="a">978-84-669-2600-3</subfield>
   </datafield>
   <datafield ind1="8" ind2=" " tag="024">
      <subfield code="a">b22391198</subfield>
   </datafield>
   <datafield ind1="8" ind2=" " tag="024">
      <subfield code="a">https://hdl.handle.net/20.500.14352/55682</subfield>
   </datafield>
   <datafield ind2="0" ind1="0" tag="245">
      <subfield code="a">Valoración epidemiológica, perinatal y del crecimiento fetal de los hijos de inmigrantes nacidos en el hospita Clínico San Carlos de Madrid</subfield>
   </datafield>
</record></metadata></record></GetRecord></OAI-PMH>